| 000 | 00828 a2200241 4500 | ||
|---|---|---|---|
| 001 | 60351 | ||
| 005 | 20260407155854.0 | ||
| 008 | 260407a2005 arg spa d | ||
| 003 | AR-UNSa-BCEJYS | ||
| 040 |
_aAR-UNSa-BCEJYS _bspa _cAR-UNSa-BCEJYS |
||
| 080 |
_a347.19 _xPersonas jurÃdicas, corporaciones (Mutuales) |
||
| 245 | 1 | 0 |
_aBalance social en entidades mutuales _ppropuesta de un modelo |
| 020 | _a978-950-34-0197-2 | ||
| 250 | _a2a. ed. | ||
| 264 | 1 |
_aLa Plata : _b(EDULP) Editorial de la Universidad Nacional de la Plata _c2005 |
|
| 300 |
_a112 p. _c20 cm. |
||
| 505 | _a1. Conceptos generales - 2. Modelo de Balance Social para Entidades Mutuales - | ||
| 041 | _aspa | ||
| 942 | _cBK | ||
| 590 | _aniveau_biblio:m niveau_hierar:0 | ||
| 100 | 1 | _aFernández Lorenzo, Liliana Edith | |
| 700 | 1 | _aGeba, Norma Beatriz | |
| 999 |
_c6921 _d6921 |
||